| 000 | 00372 a2200133 4500 | ||
|---|---|---|---|
| 001 | 92209 | ||
| 082 | _aPR 2480 | ||
| 090 |
_c44169 _d44168 |
||
| 100 | _aLaraib Syed; Prof Kashif Mehmood (Advisor) | ||
| 245 |
_aComputational Fluid Dynamic Analysis of Human Arterial system _n77 "A" EC |
||
| 260 |
_aIslamabad _bNUST _c2014 |
||
| 300 | _a70p. | ||
| 500 | _aBE Project Report | ||
| 942 |
_aCAE NUST _kPR 2480 |
||
| 999 |
_c327282 _d327282 |
||